000 01071nam a22002657a 4500
001 BD-DhSAU 8480
003 BD-DhSAU
005 20220309124700.0
008 150420b2010 bg ||||| m||| 000 0 eng d
040 _aBD-DhSAU
082 _222
_a....
_b....
100 _aKhan, Md Mahmudul Hasan
_eRegistration # 08-3212
245 _aDiversity analysis among 32 genotypes of Brassica rapa /
_bMS thesis
260 _aSher-e-Bangla Agricultural Universities :
_bDepartment of Genetics and Plant Breeding,
_c2010.
300 _axi, 103p. ;
_c30 cm.
_bill. ;
500 _aMS thesis of Department of Genetics and Plant Breeding, Faculty of Agriculture, Sher-e-Bangla Agricultural University, Dhaka, Bangladesh
590 _aerfat
650 _aGenetics and Plant Breeding.
650 _aDiversity analysis among 32 genotypes.
650 _aBrassica rapa
700 _aBhuiyan Md Shahidur Rashid
_eSuperviser
700 _aMahmuf, Firoz
_eCo-superviser
856 _uhttp://archive.saulibrary.edu.bd:8080/xmlui/handle/123456789/647
942 _2ddc
_cTHESIS
999 _c8480
_d8480